Characters from Tommy Wiseau's The Room - Statistics

General Stats
  • This quiz has been taken 63 times
  • The average score is 6 of 10
Answer Stats
Description Character % Correct
The best friend Mark
92%
His beautiful future wife who wants to live, live, live Lisa
86%
Main protagonist, a modern-day everyman who is betrayed Johnny
84%
Their lovable next-door neighbor and foster child Denny
68%
The neighborhood drug dealer Chris R
54%
The psychologist Peter
52%
The ailing mother-in-law Claudette
44%
The future wife's best friend Michelle
34%
The future wife's best friend's boyfriend Mike
34%
The psychologist's replacement later at the party Steven
34%
No matching quizzes found
Score Distribution
Percent of People with Each Score
Percentile by Number Answered
Your Score History
You have not taken this quiz